000 00748nam a22002537a 4500
001 BR9700198
003 BR-BrBNA
005 20230928095456.0
007 ta
008 230509b bl.||||| |||| 00| 0 por d
040 _aBR-BrBNA
_bpor
_cBiblioteca Nacional de Agricultura
041 _a(Por)
072 _aK50
_b2420
090 _ 2420 BR9700198
110 1 _aSuperintendencia da Borracha, Itabuna, BA (Brasil)
_910021
245 1 _aExcursao dos presidentes de sindicatos rurais da regiao norte aos seringais do sul da Bahia - resultados alcancados
260 3 _a[np]:
_c[nd].
300 _a7 p.
650 _aHeveicultura
650 _aImplantacao de Cultura
650 _aNorte
909 _a202309
_bLucia
_c55
_dLucia Elande
942 _cBK
999 _c56782
_d56782